000 01837cam a2200265 4500500
005 20260405002736.0
041 _afre
042 _adc
100 1 0 _aLeroux, Xavier
_eauthor
245 0 0 _aLe changement climatique au prisme des recensions d’ouvrages de la Cliothèque
260 _c2026.
500 _a89
520 _aLa Cliothèque représente l’organe « veille scientifique » de l’association professionnelle « Les Clionautes ». Visant à diffuser les contenus disciplinaires au travers la recension d’ouvrages, elle participe à la mise en réseau d’acteurs (éditeurs, auteurs des ouvrages, rédacteurs des comptes rendus, enseignants utilisateurs). Dans le cadre de ce dossier, cette contribution s’attache à parcourir les ouvrages abordant le changement climatique afin d’observer les thématiques concernées et les enjeux à l’œuvre.
520 _aThe Cliothèque is the "scientific monitoring" body of the professional association "Les Clionautes." Aimed at disseminating disciplinary content through book reviews, it contributes to networking among stakeholders (publishers, authors of the books, reviewers, and teaching professionals). In this dossier, the contribution focuses on reviewing works that address climate change, in order to examine the themes discussed and the underlying issues at play.
690 _aassociation professionnelle
690 _achangement climatique
690 _agéographie.
690 _aveille scientifique
690 _aclimate change
690 _ageography.
690 _aprofessional association
690 _ascientific monitoring
786 0 _nL'Information géographique | 90 | 1 | 2026-03-04 | p. 15-27 | 0020-0093
856 4 1 _uhttps://shs.cairn.info/revue-linformation-geographique-2026-1-page-15?lang=fr&redirect-ssocas=7080
999 _c2060648
_d2060648